| 000 | 00000nam 2200000zi 4500 |
| 001 | 9.931348 |
| 003 | CaOODSP |
| 005 | 20240125144005 |
| 006 | m o d f |
| 007 | cr |n||||||||| |
| 008 | 231211s2018 onc ob f000 0 eng d |
| 040 | |aCaOODSP|beng|erda|cCaOODSP |
| 043 | |an-cn--- |
| 086 | 1 |aNG21-16/2018E-PDF |
| 245 | 00|aLibrary and Archives policy. |
| 246 | 37|aNGC Library and Archives policy |
| 264 | 1|a[Ottawa] : |bNational Gallery of Canada = Musée des beaux-arts du Canada, |c[2018] |
| 300 | |a1 online resource (8 pages) |
| 336 | |atext|btxt|2rdacontent |
| 337 | |acomputer|bc|2rdamedia |
| 338 | |aonline resource|bcr|2rdacarrier |
| 500 | |aCover title. |
| 500 | |a"This Policy was approved by the Board of Trustees on December 4, 2018."--cover page. |
| 500 | |aIssued also in French under title: La politique de Bibliothèque et Archives. |
| 504 | |aIncludes bibliographical references (page 8). |
| 610 | 20|aNational Gallery of Canada. |bLibrary and Archives|xManagement. |
| 710 | 2 |aNational Gallery of Canada, |eissuing body. |
| 775 | 08|tLa politique de Bibliothèque et Archives.|w(CaOODSP)9.931349 |
| 856 | 40|qPDF|s640 KB|uhttps://publications.gc.ca/collections/collection_2023/mbac-ngc/NG21-16-2018-eng.pdf |